[Event "Titled Tuesday intern op 15th Nov Late"]
[Site "Chess.com INT"]
[Date "2022.11.15"]
[Round "9"]
[White "Premnath, Ramanathan"]
[Black "Haszon, David"]
[Result "0-1"]
[WhiteElo "2252"]
[BlackElo "2291"]
[PlyCount "108"]
[EventDate "2022.11.15"]
[EventType "swiss (blitz)"]
[EventRounds "11"]
[EventCountry "USA"]
[SourceTitle "CBM 211 Extra"]
[Source "ChessBase"]
[SourceDate "2023.01.31"]
[SourceVersion "1"]
[SourceVersionDate "2023.01.31"]
[SourceQuality "1"]

1. d4 Nf6 2. c4 c5 3. d5 b5 4. Nd2 g6 5. b3 Bg7 6. Bb2 0-0 7. e4 d6 8. Ngf3 Nbd7 9. cxb5 a6 10. bxa6 Qa5 11. Qc2 Nxe4 12. Bxg7 Nxd2 13. Nxd2 Kxg7 14. Bc4 Bxa6 15. 0-0 Ne5 16. f4 Bxc4 17. bxc4 Ng4 18. Rf3 Nf6 19. f5 Rfb8 20. fxg6 hxg6 21. Ne4 Nxe4 22. Qxe4 Qd2 23. Raf1 Qd4+ 24. Qxd4+ cxd4 25. Rxf7+ Kh6 26. Rxe7 Rxa2 27. Re4 Rbb2 28. Rg4 d3 29. Rd1 Re2 30. h3 g5 31. Kf1 Rf2+ 32. Kg1 Rfd2 33. Rxd2 Rxd2 34. Rd4 Kg6 35. Kh2 Kf5 36. Kg3 Ke5 37. Rg4 Rxg2+ 38. Kf3 Rxg4 39. hxg4 Kd4 40. Kf2 Kxc4 41. Ke3 Kc3 42. Ke4 d2 43. Kf5 d1Q 44. Ke6 Qxg4+ 45. Kxd6 Qd4 46. Kc6 g4 47. d6 g3 48. d7 Qxd7+ 49. Kxd7 g2 50. Kc6 g1Q 51. Kd5 Qd4+ 52. Ke6 Kd3 53. Kf7 Qe5 54. Kg8 Qc7 0-1

[Event "Titled Tuesday intern op 15th Nov Late"]
[Site "Chess.com INT"]
[Date "2022.11.15"]
[Round "2"]
[White "Premnath, Ramanathan"]
[Black "Sjugirov, Sanan"]
[Result "0-1"]
[WhiteElo "2252"]
[BlackElo "2712"]
[PlyCount "132"]
[EventDate "2022.11.15"]
[EventType "swiss (blitz)"]
[EventRounds "11"]
[EventCountry "USA"]
[SourceTitle "CBM 211 Extra"]
[Source "ChessBase"]
[SourceDate "2023.01.31"]
[SourceVersion "1"]
[SourceVersionDate "2023.01.31"]
[SourceQuality "1"]

1. d4 Nf6 2. c4 e6 3. Nf3 d5 4. Nc3 Nbd7 5. Bg5 h6 6. Bh4 c6 7. e3 Be7 8. Qc2 0-0 9. Bd3 dxc4 10. Bxc4 b5 11. Be2 Bb7 12. 0-0 Rc8 13. Rfd1 b4 14. Na4 Qa5 15. Bxf6 Bxf6 16. Nc5 Nxc5 17. dxc5 Rfd8 18. Nd4 Bxd4 19. Rxd4 Rxd4 20. exd4 Ba6 21. Bf3 Bb5 22. a3 bxa3 23. bxa3 Ba4 24. Qb2 Rd8 25. h3 Qb5 26. Qc3 Kf8 27. Be4 Qe2 28. Bd3 Qh5 29. Rb1 Qd5 30. Rb4 Bb5 31. Bxb5 cxb5 32. Rxb5 Qxd4 33. Qb4 Qa1+ 34. Kh2 Qe5+ 35. f4 Qd4 36. Rb8 Qxb4 37. Rxd8+ Ke7 38. axb4 Kxd8 39. b5 Kc7 40. Kg3 Kb7 41. Kf3 a6 42. c6+ Kb6 43. bxa6 Kxa6 44. f5 exf5 45. Kf4 Kb6 46. Kxf5 Kxc6 47. g4 Kd5 48. h4 Kd6 49. g5 hxg5 50. hxg5 Ke7 51. Ke5 Kd7 52. Kd5 Kc7 53. Ke5 Kd7 54. Kd5 Ke7 55. Ke5 Kf8 56. Kd6 Ke8 57. Ke5 Ke7 58. Kf5 Kd6 59. Kf4 Ke6 60. Ke4 g6 61. Kf4 Kd5 62. Kf3 Ke5 63. Kg4 Ke4 64. Kg3 Kf5 65. Kh4 Kf4 66. Kh3 Kxg5 0-1

[Event "Titled Tuesday intern op 15th Nov Late"]
[Site "Chess.com INT"]
[Date "2022.11.15"]
[Round "8"]
[White "Tanenbaum, Zachary Chen"]
[Black "Premnath, Ramanathan"]
[Result "1-0"]
[WhiteElo "2157"]
[BlackElo "2252"]
[PlyCount "85"]
[EventDate "2022.11.15"]
[EventType "swiss (blitz)"]
[EventRounds "11"]
[EventCountry "USA"]
[SourceTitle "CBM 211 Extra"]
[Source "ChessBase"]
[SourceDate "2023.01.31"]
[SourceVersion "1"]
[SourceVersionDate "2023.01.31"]
[SourceQuality "1"]

1. e4 c5 2. Nf3 d6 3. d4 cxd4 4. Nxd4 Nf6 5. Nc3 g6 6. Be3 Bg7 7. f3 0-0 8. Qd2 Nc6 9. g4 Bxg4 10. fxg4 Nxg4 11. Nb3 e6 12. 0-0-0 a5 13. Bb5 Nxe3 14. Qxe3 Qh4 15. Kb1 Rfd8 16. Rhf1 Ne5 17. h3 h5 18. Qb6 a4 19. Nxa4 Qxe4 20. Nc3 Qg2 21. Rxd6 Rxd6 22. Qxd6 Qxh3 23. Qc7 Qg2 24. a4 h4 25. Nc5 Nf3 26. N3e4 h3 27. Qxb7 Rf8 28. Nf6+ Bxf6 29. Qxf3 Bd4 30. Nd7 Kg7 31. Nxf8 Qxf3 32. Rxf3 h2 33. Nxe6+ fxe6 34. Rh3 Be5 35. Bc6 g5 36. a5 Kf6 37. a6 g4 38. Rh5 Bd4 39. Rxh2 Kg5 40. Rd2 Bc5 41. Rd7 g3 42. a7 Bxa7 43. Rxa7 1-0

[Event "Titled Tuesday intern op 20th Sep Early"]
[Site "Chess.com INT"]
[Date "2022.09.20"]
[Round "7"]
[White "Benitez Galeano, Alejandro"]
[Black "Premnath, Ramanathan"]
[Result "0-1"]
[WhiteElo "2161"]
[BlackElo "2263"]
[PlyCount "80"]
[EventDate "2022.09.20"]
[EventType "swiss (blitz)"]
[EventRounds "11"]
[EventCountry "USA"]
[SourceTitle "EXT 2023"]
[Source "ChessBase"]
[SourceDate "2022.10.05"]
[SourceVersion "1"]
[SourceVersionDate "2022.10.05"]
[SourceQuality "1"]

1. d4 d5 2. Nf3 Nf6 3. c4 c6 4. Nbd2 e6 5. Qc2 Nbd7 6. g3 Be7 7. Bg2 0-0 8. 0-0 b6 9. e4 dxe4 10. Nxe4 Bb7 11. Rd1 h6 12. Ne5 Rc8 13. Be3 Ba8 14. Rd2 Nxe4 15. Bxe4 Nf6 16. Bg2 Qc7 17. Bf4 Bd6 18. b4 c5 19. Bxa8 Rxa8 20. Qb2 Nh5 21. a3 Nxf4 22. gxf4 Rfd8 23. Rad1 cxb4 24. axb4 Bxe5 25. dxe5 Rxd2 26. Qxd2 Qxc4 27. Rc1 Qb5 28. Rc7 a5 29. bxa5 bxa5 30. Rd7 a4 31. Rd8+ Rxd8 32. Qxd8+ Kh7 33. Qd6 Qb1+ 34. Kg2 Qe4+ 35. Kg3 Qc4 36. Qe7 Qd3+ 37. f3 a3 38. h4 a2 39. Qa7 Qb1 40. h5 a1Q 0-1

[Event "Titled Tuesday intern op 20th Sep Early"]
[Site "Chess.com INT"]
[Date "2022.09.20"]
[Round "5"]
[White "Boraso, Alessio"]
[Black "Premnath, Ramanathan"]
[Result "1-0"]
[WhiteElo "2306"]
[BlackElo "2263"]
[PlyCount "131"]
[EventDate "2022.09.20"]
[EventType "swiss (blitz)"]
[EventRounds "11"]
[EventCountry "USA"]
[SourceTitle "EXT 2023"]
[Source "ChessBase"]
[SourceDate "2022.10.05"]
[SourceVersion "1"]
[SourceVersionDate "2022.10.05"]
[SourceQuality "1"]

1. d4 d5 2. Nc3 Nf6 3. e4 dxe4 4. f3 e3 5. Bxe3 c6 6. Qd2 Nbd7 7. 0-0-0 e6 8. Kb1 b5 9. Bd3 a5 10. g4 Ba6 11. g5 Nd5 12. Nxd5 cxd5 13. f4 b4 14. Nf3 Bxd3 15. Qxd3 Qb6 16. Ne5 Nxe5 17. fxe5 a4 18. h4 Qa6 19. h5 Qxd3 20. Rxd3 Be7 21. Bd2 0-0 22. Rf3 Rac8 23. Rhf1 Rc4 24. Be3 Rc7 25. R3f2 Rb7 26. b3 Ra7 27. Kb2 Bd8 28. Bd2 Be7 29. Be3 Rc7 30. Rf3 Rc3 31. Bd2 Rxf3 32. Rxf3 Rc8 33. c3 axb3 34. axb3 bxc3+ 35. Rxc3 Rb8 36. Rc7 Bf8 37. Rd7 g6 38. h6 Rc8 39. Ba5 Ra8 40. b4 Rb8 41. Kb3 Kh8 42. Rd8 Kg8 43. Rxb8 f5 44. Rxf8+ Kxf8 45. b5 Ke7 46. Kb4 Kd7 47. Kc5 f4 48. Be1 f3 49. Bf2 Kc7 50. b6+ Kb7 51. Kb5 Kb8 52. Kc6 Kc8 53. Kd6 Kb8 54. Kxe6 Kb7 55. Kxd5 Kxb6 56. Ke4 Kc7 57. Kxf3 Kd8 58. Ke4 Kd7 59. Kd5 Ke7 60. e6 Ke8 61. Ke5 Kd8 62. Kf6 Ke8 63. d5 Kf8 64. d6 Ke8 65. d7+ Kd8 66. Bb6# 1-0

[Event "Titled Tuesday intern op 20th Sep Early"]
[Site "Chess.com INT"]
[Date "2022.09.20"]
[Round "11"]
[White "Premnath, Ramanathan"]
[Black "Domingo Nunez, Ruben"]
[Result "0-1"]
[WhiteElo "2263"]
[BlackElo "2369"]
[PlyCount "64"]
[EventDate "2022.09.20"]
[EventType "swiss (blitz)"]
[EventRounds "11"]
[EventCountry "USA"]
[SourceTitle "EXT 2023"]
[Source "ChessBase"]
[SourceDate "2022.10.05"]
[SourceVersion "1"]
[SourceVersionDate "2022.10.05"]
[SourceQuality "1"]

1. d4 f5 2. g3 g6 3. Bg2 Bg7 4. Nc3 Nf6 5. Nh3 d6 6. 0-0 0-0 7. d5 c5 8. Nf4 g5 9. Ne6 Bxe6 10. dxe6 Qc8 11. Bxg5 Nc6 12. Nd5 Nxd5 13. Bxd5 Bxb2 14. e3 Bxa1 15. Qxa1 Qe8 16. a3 Qg6 17. f4 h6 18. Bh4 Qg7 19. c3 Nd8 20. a4 Rc8 21. a5 c4 22. a6 b6 23. e4 Rc5 24. Re1 fxe4 25. Bxe4 Nxe6 26. Qc1 Nxf4 27. Kh1 Nd3 28. Bxd3 cxd3 29. c4 Re5 30. Rd1 Qg4 31. Rf1 Ref5 32. Rxf5 Rxf5 0-1

[Event "Titled Tuesday intern op 20th Sep Early"]
[Site "Chess.com INT"]
[Date "2022.09.20"]
[Round "8"]
[White "Premnath, Ramanathan"]
[Black "Tillyaev, Ulugbek"]
[Result "1-0"]
[WhiteElo "2263"]
[BlackElo "2313"]
[PlyCount "143"]
[EventDate "2022.09.20"]
[EventType "swiss (blitz)"]
[EventRounds "11"]
[EventCountry "USA"]
[SourceTitle "EXT 2023"]
[Source "ChessBase"]
[SourceDate "2022.10.05"]
[SourceVersion "1"]
[SourceVersionDate "2022.10.05"]
[SourceQuality "1"]

1. d4 Nf6 2. c4 e6 3. Nf3 b6 4. g3 Bb7 5. Bg2 Bb4+ 6. Nbd2 0-0 7. 0-0 Bxd2 8. Qxd2 d6 9. b3 Nbd7 10. Bb2 a5 11. a3 Be4 12. Qc3 a4 13. b4 c6 14. Bh3 b5 15. Nd2 Bg6 16. Rac1 Rc8 17. Bg2 Nb6 18. Rfd1 d5 19. c5 Nc4 20. Nxc4 bxc4 21. f3 Ne8 22. e4 Nc7 23. Qc2 Ra8 24. Qf2 Nb5 25. h4 f5 26. exd5 exd5 27. f4 Re8 28. Re1 Re4 29. Bxe4 dxe4 30. d5 cxd5 31. Red1 Bh5 32. Rd2 Qd7 33. Be5 Nxa3 34. Qd4 Rd8 35. Qa1 Nb5 36. Qxa4 e3 37. Ra2 d4 38. Rxc4 e2 39. Rc1 d3 40. Rd2 Nd4 41. Qxd7 Nf3+ 42. Kf2 Rxd7 43. Ke3 Nxd2 44. Kxd2 Bf3 45. b5 Ra7 46. c6 Be4 47. Ra1 Rxa1 48. Bxa1 Kf7 49. Be5 g6 50. Ke1 Ke6 51. Kd2 Ke7 52. Ke1 Kd8 53. Kd2 Bd5 54. Ke1 Ke7 55. Kd2 h6 56. Ke1 Ke6 57. Kd2 g5 58. hxg5 hxg5 59. Bc3 gxf4 60. gxf4 Kf7 61. Kxd3 Bf3 62. Ke3 Bd5 63. Kd4 Bf3 64. Kc5 Ke8 65. b6 Kd8 66. b7 e1Q 67. Bxe1 Kc7 68. Ba5+ Kb8 69. Bc3 Bxc6 70. Kxc6 Ka7 71. Bd4+ Ka6 72. b8Q 1-0

[Event "Titled Tuesday intern op 09th Aug Late"]
[Site "Chess.com INT"]
[Date "2022.08.09"]
[Round "9"]
[White "Ai, Evan Zihao"]
[Black "Premnath, Ramanathan"]
[Result "0-1"]
[WhiteElo "2094"]
[BlackElo "2263"]
[PlyCount "78"]
[EventDate "2022.08.09"]
[EventType "swiss (blitz)"]
[EventRounds "11"]
[EventCountry "USA"]
[SourceTitle "EXT 2023"]
[Source "ChessBase"]
[SourceDate "2022.10.05"]
[SourceVersion "1"]
[SourceVersionDate "2022.10.05"]
[SourceQuality "1"]

1. e4 c5 2. Nf3 d6 3. d4 cxd4 4. Nxd4 Nf6 5. Nc3 g6 6. f3 Bg7 7. Be3 0-0 8. Qd2 Nc6 9. 0-0-0 Bd7 10. Bc4 Rb8 11. Bb3 Na5 12. h4 b5 13. h5 e5 14. Nde2 b4 15. Nd5 Nxb3+ 16. cxb3 Nxd5 17. Qxd5 Be6 18. Qxd6 Qa5 19. Kb1 Rfc8 20. Rc1 Rd8 21. Qc5 Qa6 22. hxg6 hxg6 23. Bh6 Bf6 24. Qe3 Rd3 25. Qf2 Rbd8 26. g4 Rxb3 27. Rc2 Qxa2+ 28. Kxa2 Rxf3+ 29. Kb1 Rxf2 30. g5 Be7 31. Ng3 Ba2+ 32. Kc1 Rxc2+ 33. Kxc2 Rc8+ 34. Kd2 Bb3 35. Ra1 Rc7 36. Ra5 Rc2+ 37. Ke3 Rxb2 38. Rxa7 Bc5+ 39. Kd3 Bxa7 0-1

[Event "Titled Tuesday intern op 09th Aug Late"]
[Site "Chess.com INT"]
[Date "2022.08.09"]
[Round "7"]
[White "Kosteniuk, Alexandra"]
[Black "Premnath, Ramanathan"]
[Result "1-0"]
[WhiteElo "2521"]
[BlackElo "2263"]
[PlyCount "69"]
[EventDate "2022.08.09"]
[EventType "swiss (blitz)"]
[EventRounds "11"]
[EventCountry "USA"]
[SourceTitle "EXT 2023"]
[Source "ChessBase"]
[SourceDate "2022.10.05"]
[SourceVersion "1"]
[SourceVersionDate "2022.10.05"]
[SourceQuality "1"]

1. e4 c5 2. Nf3 d6 3. d4 cxd4 4. Qxd4 a6 5. c4 e5 6. Qd1 Be7 7. Nc3 Nf6 8. Be2 h6 9. 0-0 Be6 10. Be3 Nbd7 11. Rc1 0-0 12. b4 Rc8 13. Nd2 Re8 14. h3 Bf8 15. a4 a5 16. bxa5 Nc5 17. f4 exf4 18. Bd4 Nfd7 19. Rxf4 Ne5 20. Nf1 Qxa5 21. Ne3 Ng6 22. Rf1 Bd7 23. Bf3 Nxa4 24. Ncd5 Nc5 25. Nf5 Ne5 26. Ra1 Qd8 27. Qc2 Bxf5 28. exf5 Nxf3+ 29. Rxf3 Qg5 30. f6 g6 31. Kh2 Ne6 32. Rg3 Qxd5 33. Rxg6+ Kh8 34. Qd2 Qh5 35. Rg4 1-0

[Event "Titled Tuesday intern op 09th Aug Late"]
[Site "Chess.com INT"]
[Date "2022.08.09"]
[Round "11"]
[White "Premnath, Ramanathan"]
[Black "Sanchez, Roberto Daniel"]
[Result "1-0"]
[WhiteElo "2263"]
[BlackElo "1966"]
[PlyCount "83"]
[EventDate "2022.08.09"]
[EventType "swiss (blitz)"]
[EventRounds "11"]
[EventCountry "USA"]
[SourceTitle "EXT 2023"]
[Source "ChessBase"]
[SourceDate "2022.10.05"]
[SourceVersion "1"]
[SourceVersionDate "2022.10.05"]
[SourceQuality "1"]

1. d4 d5 2. Nf3 c6 3. c4 Nf6 4. Nc3 dxc4 5. a4 Bf5 6. e3 e6 7. Bxc4 Nbd7 8. 0-0 Be7 9. Qe2 Bg6 10. e4 0-0 11. Rd1 Qa5 12. e5 Nd5 13. Ne4 Rfd8 14. h4 Nf8 15. Ng3 h6 16. h5 Bh7 17. Bd3 c5 18. Bxh7+ Nxh7 19. Ne4 cxd4 20. Nxd4 Nb4 21. Bf4 Rac8 22. b3 Qb6 23. Nb5 Nd5 24. Bg3 Ng5 25. Nbd6 Rc7 26. Qg4 Qxb3 27. Rdb1 Qd3 28. Nxg5 Bxg5 29. Rxb7 Rxb7 30. Nxb7 Rb8 31. Nd6 Rb4 32. Qd1 Qxd1+ 33. Rxd1 Rxa4 34. Rb1 Rb4 35. Ra1 f6 36. Rxa7 fxe5 37. Bxe5 Bf6 38. Bxf6 Nxf6 39. Re7 Ng4 40. g3 Rb2 41. Ne4 Re2 42. Rxe6 1-0

[Event "Titled Tuesday intern op 09th Aug Late"]
[Site "Chess.com INT"]
[Date "2022.08.09"]
[Round "6"]
[White "Premnath, Ramanathan"]
[Black "Wiewiora, Eneasz"]
[Result "1-0"]
[WhiteElo "2263"]
[BlackElo "2333"]
[PlyCount "77"]
[EventDate "2022.08.09"]
[EventType "swiss (blitz)"]
[EventRounds "11"]
[EventCountry "USA"]
[SourceTitle "EXT 2023"]
[Source "ChessBase"]
[SourceDate "2022.10.05"]
[SourceVersion "1"]
[SourceVersionDate "2022.10.05"]
[SourceQuality "1"]

1. d4 d6 2. Nf3 g6 3. g3 Bg7 4. Bg2 Nf6 5. 0-0 0-0 6. c4 Nc6 7. Nc3 Bf5 8. Re1 Ne4 9. Nxe4 Bxe4 10. d5 Bxf3 11. exf3 Nd4 12. f4 c5 13. dxc6 Nxc6 14. Rb1 Rc8 15. b3 Rc7 16. Be3 Qb8 17. Rc1 Rfc8 18. Qd2 b6 19. f5 Ne5 20. fxg6 hxg6 21. Rcd1 b5 22. c5 Rxc5 23. Bxc5 Rxc5 24. h3 Bf6 25. f4 Nc6 26. Rc1 Nd4 27. Rxc5 dxc5 28. Kh2 Qd6 29. Qd3 Qa6 30. a4 c4 31. axb5 cxd3 32. bxa6 Nxb3 33. Rd1 Nc5 34. Bf1 Nxa6 35. Bxd3 Nc5 36. Bc4 Bc3 37. Rd8+ Kg7 38. Rc8 Ne4 39. Bd3 1-0

[Event "Titled Tuesday intern op 09th Aug Late"]
[Site "Chess.com INT"]
[Date "2022.08.09"]
[Round "1"]
[White "Sarana, Alexey"]
[Black "Premnath, Ramanathan"]
[Result "1-0"]
[WhiteElo "2662"]
[BlackElo "2263"]
[PlyCount "55"]
[EventDate "2022.08.09"]
[EventType "swiss (blitz)"]
[EventRounds "11"]
[EventCountry "USA"]
[SourceTitle "EXT 2023"]
[Source "ChessBase"]
[SourceDate "2022.10.05"]
[SourceVersion "1"]
[SourceVersionDate "2022.10.05"]
[SourceQuality "1"]

1. c4 Nf6 2. Nc3 e6 3. d4 Bb4 4. e3 d5 5. Bd3 0-0 6. a3 Bxc3+ 7. bxc3 c5 8. cxd5 exd5 9. Ne2 b6 10. 0-0 Ba6 11. f3 Bxd3 12. Qxd3 Re8 13. Ng3 Nc6 14. Bb2 g6 15. e4 Rc8 16. e5 Nd7 17. f4 f5 18. Nxf5 gxf5 19. Qxf5 Qe7 20. Rae1 c4 21. Qh5 Nf8 22. f5 Qf7 23. Qg4+ Kh8 24. Bc1 Ne7 25. Bg5 Rc6 26. e6 Qg7 27. f6 Qg6 28. f7 1-0

[Event "Titled Tuesday intern op 05th Jul Late"]
[Site "Chess.com INT"]
[Date "2022.07.05"]
[Round "11"]
[White "Premnath, Ramanathan"]
[Black "Bernal Moro, Luis Javier"]
[Result "1-0"]
[WhiteElo "2263"]
[BlackElo "2404"]
[PlyCount "91"]
[EventDate "2022.07.05"]
[EventType "swiss (blitz)"]
[EventRounds "11"]
[EventCountry "USA"]
[SourceTitle "CBM 209 Extra"]
[Source "ChessBase"]
[SourceDate "2022.09.30"]
[SourceVersion "1"]
[SourceVersionDate "2022.09.30"]
[SourceQuality "1"]

1. d4 Nf6 2. c4 g6 3. Nc3 Bg7 4. Nf3 0-0 5. e4 d6 6. Be2 e5 7. 0-0 Qe8 8. d5 a5 9. Ne1 Na6 10. Nd3 Nd7 11. Bg4 f5 12. Bh3 Ndc5 13. exf5 gxf5 14. f3 Qg6 15. Nf2 Bd7 16. a3 a4 17. Qc2 Nb3 18. Rb1 Nac5 19. Be3 Rae8 20. Rbe1 Kh8 21. Kh1 e4 22. fxe4 f4 23. Bxc5 Bxh3 24. Nxh3 Nxc5 25. Rxf4 Be5 26. Rf5 Bxc3 27. Qxc3+ Qg7 28. Rxf8+ Rxf8 29. Qxg7+ Kxg7 30. Kg1 b5 31. cxb5 Rb8 32. e5 Rxb5 33. e6 Kf8 34. Ng5 Nd3 35. Rf1+ Ke8 36. Nxh7 Rxb2 37. Rf8+ Ke7 38. Rf7+ Kd8 39. e7+ Ke8 40. Nf6+ Kxf7 41. e8Q+ Kxf6 42. Qh8+ Kg5 43. Qg7+ Kf4 44. Qd4+ Kg5 45. Qxd3 Rb1+ 46. Qxb1 1-0

[Event "Titled Tuesday intern op 28th Jun Late"]
[Site "Chess.com INT"]
[Date "2022.06.28"]
[Round "8"]
[White "Kohler, Aran"]
[Black "Premnath, Ramanathan"]
[Result "0-1"]
[WhiteElo "2121"]
[BlackElo "2263"]
[PlyCount "100"]
[EventDate "2022.06.28"]
[EventType "swiss (blitz)"]
[EventRounds "11"]
[EventCountry "USA"]
[SourceTitle "CBM 209 Extra"]
[Source "ChessBase"]
[SourceDate "2022.09.30"]
[SourceVersion "1"]
[SourceVersionDate "2022.09.30"]
[SourceQuality "1"]

1. d4 Nf6 2. Bg5 Ne4 3. h4 c5 4. d5 d6 5. Nc3 Qa5 6. Bd2 Nxd2 7. Qxd2 h5 8. e4 g6 9. Bb5+ Bd7 10. Bxd7+ Nxd7 11. Nf3 Bg7 12. 0-0 0-0 13. a3 b5 14. Rfe1 Ne5 15. Nxe5 Bxe5 16. g3 Rfb8 17. f4 Bd4+ 18. Kg2 b4 19. Nd1 Qb6 20. a4 c4 21. c3 bxc3 22. bxc3 Bg7 23. Nf2 Qb2 24. Re2 Qxd2 25. Rxd2 Bxc3 26. Rad1 Bxd2 27. Rxd2 Rb4 28. e5 Rxa4 29. exd6 exd6 30. Ne4 Rd8 31. f5 Kg7 32. f6+ Kf8 33. Rb2 c3 34. Nxc3 Rc4 35. Ne2 Rc7 36. Nd4 Re8 37. Nc6 Kg8 38. Kf3 Kh7 39. Ra2 Kh6 40. Kf4 Rb7 41. Rxa7 Rxa7 42. Nxa7 Re5 43. Nc6 Rxd5 44. Ne7 Re5 45. Ng8+ Kh7 46. Ne7 Re6 47. Kg5 Re3 48. Kf4 Re1 49. g4 Rf1+ 50. Kg5 Rg1 0-1

[Event "Titled Tuesday intern op 28th Jun Late"]
[Site "Chess.com INT"]
[Date "2022.06.28"]
[Round "5"]
[White "Premnath, Ramanathan"]
[Black "Ardila, Oscar Humberto"]
[Result "0-1"]
[WhiteElo "2263"]
[BlackElo "2019"]
[PlyCount "158"]
[EventDate "2022.06.28"]
[EventType "swiss (blitz)"]
[EventRounds "11"]
[EventCountry "USA"]
[SourceTitle "CBM 209 Extra"]
[Source "ChessBase"]
[SourceDate "2022.09.30"]
[SourceVersion "1"]
[SourceVersionDate "2022.09.30"]
[SourceQuality "1"]

1. d4 Nf6 2. c4 e6 3. Nf3 Bb4+ 4. Bd2 Qe7 5. Nc3 0-0 6. g3 c5 7. Bg2 Nc6 8. d5 exd5 9. cxd5 Nd4 10. e3 Nxf3+ 11. Qxf3 d6 12. h3 Bd7 13. 0-0 Rfe8 14. a3 Ba5 15. Rae1 Bxc3 16. Bxc3 Ne4 17. Rc1 Bb5 18. Rfe1 g6 19. g4 h6 20. Qf4 Nxc3 21. Rxc3 Kg7 22. e4 Qe5 23. Qd2 g5 24. Rf3 Bd7 25. Rb3 b5 26. Rc3 a5 27. Rf3 b4 28. Qc1 Re7 29. Bf1 Rae8 30. Ree3 Rb8 31. Be2 Ree8 32. Rg3 Rb6 33. Bf1 Reb8 34. axb4 Rxb4 35. b3 a4 36. bxa4 Rb1 37. Qc3 Qxc3 38. Rxc3 Bxa4 39. Kg2 R8b4 40. Rge3 Kf6 41. Bd3 R1b3 42. e5+ dxe5 43. Rxc5 e4 44. Rxe4 Rxe4 45. Bxe4 Ke5 46. f3 Kd6 47. Ra5 Rb2+ 48. Kg3 Bc2 49. Ra6+ Ke5 50. Bxc2 Rxc2 51. Rxh6 Rd2 52. d6 f6 53. Rh8 Ke6 54. Re8+ Kf7 55. Re7+ Kg6 56. Rd7 Kh6 57. Rd8 Kg7 58. h4 gxh4+ 59. Kxh4 Kf7 60. Kg3 Ke6 61. Kf4 Rd4+ 62. Ke3 Ra4 63. Rf8 Ra3+ 64. Kf4 Ra4+ 65. Kg3 Rd4 66. Rd8 Rd2 67. f4 Rd3+ 68. Kh4 Rd1 69. Kh5 Kf7 70. Rd7+ Ke6 71. Re7+ Kxd6 72. Re8 Kd7 73. Re3 Rg1 74. Re4 Kd6 75. f5 Kd5 76. Re6 Rg3 77. Rxf6 Ke5 78. Rg6 Kf4 79. f6 Rh3# 0-1

[Event "Titled Tuesday intern op 28th Jun Late"]
[Site "Chess.com INT"]
[Date "2022.06.28"]
[Round "7"]
[White "Premnath, Ramanathan"]
[Black "Capp, Stephen P"]
[Result "1-0"]
[WhiteElo "2263"]
[BlackElo "1920"]
[PlyCount "91"]
[EventDate "2022.06.28"]
[EventType "swiss (blitz)"]
[EventRounds "11"]
[EventCountry "USA"]
[SourceTitle "CBM 209 Extra"]
[Source "ChessBase"]
[SourceDate "2022.09.30"]
[SourceVersion "1"]
[SourceVersionDate "2022.09.30"]
[SourceQuality "1"]

1. d4 Nf6 2. c4 e6 3. Nf3 d5 4. Nc3 Be7 5. Bg5 0-0 6. e3 h6 7. Bxf6 Bxf6 8. Qc2 c6 9. Rd1 Nd7 10. Bd3 Qe7 11. 0-0 dxc4 12. Bxc4 e5 13. d5 cxd5 14. Nxd5 Qd6 15. e4 Nb6 16. Bb3 Nxd5 17. Rxd5 Qe7 18. Qc5 Qe8 19. Rd3 Bg4 20. h3 b6 21. Qe3 Be6 22. Bd5 Rc8 23. Rfd1 Rc5 24. b4 Rc2 25. a3 Bxd5 26. Rxd5 Qa4 27. R1d2 Rc1+ 28. Kh2 Ra1 29. R5d3 Qe8 30. Rc3 Qe6 31. Rd5 Bg5 32. Qd3 f6 33. g3 h5 34. h4 Bh6 35. Kg2 Ra2 36. Rd6 Qg4 37. Rc7 Bf4 38. Qd5+ Kh8 39. Qxa2 f5 40. Rf7 Rxf7 41. Qxf7 fxe4 42. Rd8+ Kh7 43. Qg8+ Kh6 44. Qh8+ Kg6 45. Rd6+ Kf7 46. Nh2 1-0

[Event "Titled Tuesday intern op 31st May Late"]
[Site "Chess.com INT"]
[Date "2022.05.31"]
[Round "7"]
[White "Huber, Benedikt"]
[Black "Premnath, Ramanathan"]
[Result "0-1"]
[WhiteElo "2288"]
[BlackElo "2263"]
[PlyCount "56"]
[EventDate "2022.05.31"]
[EventType "swiss (blitz)"]
[EventRounds "11"]
[EventCountry "USA"]
[SourceTitle "CBM 208 Extra"]
[Source "ChessBase"]
[SourceDate "2022.07.31"]
[SourceVersion "1"]
[SourceVersionDate "2022.07.31"]
[SourceQuality "1"]

1. d4 Nf6 2. c4 e6 3. Nc3 Bb4 4. f3 d5 5. a3 Bxc3+ 6. bxc3 c5 7. cxd5 exd5 8. e3 0-0 9. Bd3 b6 10. Ne2 Ba6 11. Bxa6 Nxa6 12. 0-0 Re8 13. Qd3 Nc7 14. Ng3 h5 15. Ra2 Rc8 16. Re2 Ne6 17. Bb2 g6 18. e4 h4 19. Nh1 Nf4 20. Qd2 Nxe2+ 21. Qxe2 dxe4 22. fxe4 Nxe4 23. Qf3 Rc7 24. Bc1 cxd4 25. cxd4 Qxd4+ 26. Be3 Qc3 27. Qf4 Ng3 28. hxg3 Qxe3+ 0-1

[Event "Titled Tuesday intern op 31st May Late"]
[Site "Chess.com INT"]
[Date "2022.05.31"]
[Round "2"]
[White "Premnath, Ramanathan"]
[Black "Jones, Gawain C B"]
[Result "0-1"]
[WhiteElo "2263"]
[BlackElo "2669"]
[PlyCount "74"]
[EventDate "2022.05.31"]
[EventType "swiss (blitz)"]
[EventRounds "11"]
[EventCountry "USA"]
[SourceTitle "CBM 208 Extra"]
[Source "ChessBase"]
[SourceDate "2022.07.31"]
[SourceVersion "1"]
[SourceVersionDate "2022.07.31"]
[SourceQuality "1"]

1. d4 Nf6 2. c4 g6 3. Nc3 d6 4. e4 Nbd7 5. Be2 e5 6. Nf3 Bg7 7. 0-0 0-0 8. Re1 a6 9. d5 a5 10. Qc2 Nc5 11. b3 Ne8 12. a3 f5 13. Bg5 Nf6 14. Nd2 h6 15. Be3 f4 16. Bxc5 dxc5 17. Nb5 g5 18. b4 axb4 19. axb4 Rxa1 20. Rxa1 cxb4 21. Qb2 g4 22. Ra8 f3 23. gxf3 gxf3 24. Bxf3 Nd7 25. Qxb4 c5 26. dxc6 bxc6 27. Nd6 c5 28. Qc3 Nb6 29. Rxc8 Nxc8 30. Nf5 Qg5+ 31. Kh1 Ne7 32. Nxg7 Kxg7 33. Nf1 Qf4 34. Bg2 Ng6 35. Ng3 Qxf2 36. Nf5+ Kh7 37. Bh3 Nf4 0-1

[Event "Titled Tuesday intern op 18th May"]
[Site "Chess.com INT"]
[Date "2021.05.18"]
[Round "11"]
[White "Premnath, Ramanathan"]
[Black "Hernandez Jimenez, Alexander Andres"]
[Result "0-1"]
[WhiteElo "2263"]
[BlackElo "2145"]
[PlyCount "102"]
[EventDate "2021.05.18"]
[EventType "swiss (blitz)"]
[EventRounds "11"]
[EventCountry "USA"]
[SourceTitle "CBM 202 Extra"]
[Source "ChessBase"]
[SourceDate "2021.07.31"]
[SourceVersion "1"]
[SourceVersionDate "2021.07.31"]
[SourceQuality "1"]

1. d4 Nf6 2. c4 e6 3. Nf3 b6 4. g3 Bb7 5. Bg2 c5 6. d5 exd5 7. Nh4 g6 8. Nc3 Bg7 9. cxd5 0-0 10. 0-0 d6 11. e4 Nbd7 12. f4 a6 13. a4 Re8 14. Qc2 c4 15. Be3 Ng4 16. Qd2 Nxe3 17. Qxe3 Nc5 18. Rad1 f5 19. e5 dxe5 20. d6 e4 21. Nd5 Qxd6 22. Nc3 Nd3 23. Kh1 Bd4 24. Qe2 Bd5 25. g4 fxg4 26. Qxg4 Bxc3 27. bxc3 e3 28. Rde1 Bxg2+ 29. Nxg2 Nxe1 30. Rxe1 Qd2 31. f5 Qd6 32. Qxc4+ Kg7 33. fxg6 hxg6 34. Nxe3 Rad8 35. Qxa6 Qd2 36. Qb7+ Rd7 37. Rd1 Rxb7 38. Rxd2 Rxe3 39. Rb2 Rxc3 40. Kg2 Ra3 41. Rb4 b5 42. axb5 Ra5 43. b6 Ra6 44. Rf4 Raxb6 45. Kg3 Rb4 46. Kg2 Rxf4 47. Kh3 Rf5 48. Kg2 Rb3 49. h4 Ra5 50. h5 Ra2+ 51. Kf1 Rb1# 0-1